| 000 | 00428nam a2200145Ia 4500 | ||
|---|---|---|---|
| 008 | 200619s9999 xx 000 0 und d | ||
| 020 | _a9781604730173 | ||
| 082 | _aTON | ||
| 100 | _aMorrison ToniDenard Carolyn C. | ||
| 245 | 0 | _aWhat Moves at the Margin : Selected Non-Ficition | |
| 264 |
_aMississippi _bThe University Press _c2008 |
||
| 300 | _a215 | ||
| 942 | _cIR | ||
| 999 |
_c120173 _d120173 |
||